[Event "Rostock SSC op 16th"]
[Site "Rostock"]
[Date "2017.07.29"]
[Round "6"]
[White "Steinke, Paul"]
[Black "Moeller, Peter1111"]
[Result "1-0"]
[WhiteElo "1478"]
[BlackElo "1736"]
[PlyCount "101"]
[EventDate "2017.07.26"]
[EventType "swiss"]
[EventRounds "7"]
[EventCountry "GER"]
[SourceTitle "EXT 2018"]
[Source "ChessBase"]
[SourceDate "2017.10.13"]
[SourceVersion "1"]
[SourceVersionDate "2017.10.13"]
[SourceQuality "1"]

1. d4 d5 2. c4 e6 3. Nf3 Nf6 4. g3 Be7 5. Bg2 c6 6. 0-0 Nbd7 7. Nc3 dxc4 8. a4 0-0 9. Nd2 Nb6 10. a5 Nbd5 11. Nxc4 Bd7 12. a6 b6 13. e4 Nxc3 14. bxc3 Rc8 15. Ba3 Bxa3 16. Rxa3 Qc7 17. e5 Ne8 18. h4 c5 19. d5 exd5 20. Qxd5 Be6 21. Qe4 Bxc4 22. Qxc4 Qxe5 23. Qb5 Nd6 24. Qd7 Rfe8 25. Qxa7 Nb5 26. Qxb6 Nxa3 27. Qb3 Nc2 28. Qxc2 Rc7 29. Qa4 Qe7 30. Bb7 Qd8 31. Rd1 Qe7 32. a7 Rxb7 33. a8Q Rbb8 34. Q8a7 Qe5 35. Q4d7 Rf8 36. Qd5 Qxc3 37. Qaxc5 Qf6 38. Qf5 Qb2 39. Qcc2 Qxc2 40. Qxc2 Rbc8 41. Qb2 h6 42. h5 Rc7 43. Rd4 Re7 44. Rg4 f5 45. Qa2+ Ref7 46. Rg6 Kh7 47. g4 fxg4 48. Rxg4 Rf5 49. Qc2 Kh8 50. f4 Rxh5 51. Qg6 1-0

[Event "Rostock SSC op 16th"]
[Site "Rostock"]
[Date "2017.07.28"]
[Round "4"]
[White "Steinke, Paul"]
[Black "Mueller, Rosemarie"]
[Result "1-0"]
[WhiteElo "1478"]
[BlackElo "1074"]
[PlyCount "81"]
[EventDate "2017.07.26"]
[EventType "swiss"]
[EventRounds "7"]
[EventCountry "GER"]
[SourceTitle "EXT 2018"]
[Source "ChessBase"]
[SourceDate "2017.10.13"]
[SourceVersion "1"]
[SourceVersionDate "2017.10.13"]
[SourceQuality "1"]

1. Nf3 d5 2. c4 Nf6 3. cxd5 Bf5 4. Qa4+ Nbd7 5. Nc3 e6 6. e4 Bg6 7. dxe6 fxe6 8. Ng5 Qe7 9. Bc4 Bf7 10. 0-0 Ng4 11. d4 0-0-0 12. Qxa7 Nb8 13. d5 e5 14. d6 Rxd6 15. Nxf7 g6 16. Nxd6+ cxd6 17. Nd5 Qh4 18. h3 h5 19. Qb6 Qd8 20. Qxd8+ Kxd8 21. hxg4 hxg4 22. Nf6 Bg7 23. Nxg4 Nc6 24. Bg5+ Kd7 25. f4 Rh5 26. Nf6+ Bxf6 27. Bxf6 exf4 28. Rxf4 Kc7 29. Bd5 Nb4 30. Rc1+ Kb8 31. Be7 Nd3 32. Rf8+ Ka7 33. Rc3 Nxb2 34. Ra3+ Kb6 35. Bxd6 Nd1 36. Rb3+ Ka7 37. Rf7 Rxd5 38. exd5 Ka6 39. Rfxb7 g5 40. Bb8 Ne3 41. Ra7# 1-0

[Event "Rostock SSC op 14th"]
[Site "Rostock"]
[Date "2015.08.01"]
[Round "6.36"]
[White "Sack, Reinhard"]
[Black "Steinke, Paul"]
[Result "1-0"]
[WhiteElo "1691"]
[BlackElo "1472"]
[PlyCount "77"]
[EventDate "2015.07.29"]
[EventType "swiss"]
[EventRounds "7"]
[EventCountry "GER"]
[SourceTitle "EXT 2019"]
[Source "ChessBase"]
[SourceDate "2018.10.10"]
[SourceVersion "1"]
[SourceVersionDate "2018.10.10"]
[SourceQuality "1"]

1. d4 Nf6 2. c4 g6 3. Nc3 d6 4. Nf3 Bg7 5. e4 e5 6. dxe5 Ng4 7. exd6 c5 8. Bg5 Qa5 9. Qd2 Ne5 10. Nxe5 Bxe5 11. Be2 Qb6 12. Nd5 Qxd6 13. Nf6+ Kf8 14. Nd5 Be6 15. Be7+ Qxe7 16. Nxe7 Kxe7 17. 0-0 Nc6 18. Rab1 h5 19. Qe3 Bd4 20. Qg5+ Bf6 21. Qxc5+ Ke8 22. b4 Be7 23. Qe3 Bxb4 24. a3 Bxa3 25. Qxa3 Nd4 26. Qa4+ Kf8 27. Qb4+ Kg8 28. Bd3 Kh7 29. Qxb7 g5 30. e5+ Kg7 31. Qe4 Nf5 32. Rb7 h4 33. Qg4 Nd6 34. Qxg5+ Kf8 35. Qe7+ Kg7 36. exd6 h3 37. Qg5+ Kf8 38. Re1 Ke8 39. Qe7# 1-0

[Event "Rostock SSC op 14th"]
[Site "Rostock"]
[Date "2015.07.30"]
[Round "3.36"]
[White "Steinke, Paul"]
[Black "Moeller, Peter1111"]
[Result "0-1"]
[WhiteElo "1472"]
[BlackElo "1721"]
[PlyCount "124"]
[EventDate "2015.07.29"]
[EventType "swiss"]
[EventRounds "7"]
[EventCountry "GER"]
[SourceTitle "EXT 2019"]
[Source "ChessBase"]
[SourceDate "2018.10.10"]
[SourceVersion "1"]
[SourceVersionDate "2018.10.10"]
[SourceQuality "1"]

1. c4 e5 2. Nc3 Nf6 3. Nf3 Nc6 4. g3 b6 5. Bg2 Bb7 6. Nxe5 Nxe5 7. Bxb7 Rb8 8. Bg2 Nxc4 9. Qa4 Ne5 10. Qxa7 Be7 11. d3 c6 12. Qa4 0-0 13. Bf4 Ra8 14. Qc2 Ng6 15. Bg5 Re8 16. 0-0 Ra5 17. Ne4 Nxe4 18. Bxe7 Qxe7 19. Bxe4 f5 20. Qb3+ Kh8 21. Bxf5 Rxf5 22. Qxb6 Rb5 23. Qd4 Rb4 24. Qc3 Reb8 25. e3 Rxb2 26. a4 Qb4 27. Qxb4 R2xb4 28. a5 Ra8 29. a6 Ra7 30. Rfb1 Rxb1+ 31. Rxb1 h6 32. Rb8+ Kh7 33. Rb6 Ne5 34. Rb7 Rxa6 35. d4 Nf3+ 36. Kg2 Ne1+ 37. Kf1 Ra1 38. Rxd7 Nf3+ 39. Kg2 Ng5 40. h4 Ne4 41. Kf3 Nf6 42. Rc7 Ra6 43. e4 Kg6 44. g4 Ne8 45. Rd7 Ra8 46. e5 Rc8 47. Ke4 Rc7 48. Rxc7 Nxc7 49. f4 Kf7 50. f5 Nd5 51. e6+ Kf6 52. g5+ hxg5 53. hxg5+ Kxg5 54. Ke5 Ne7 55. Kd6 Kf6 56. Kd7 Nxf5 57. Kxc6 Nxd4+ 58. Kd5 Nxe6 59. Ke4 g5 60. Kf3 Kf5 61. Ke2 Kg4 62. Kf2 Kh3 0-1

[Event "Rostock SSC op 14th"]
[Site "Rostock"]
[Date "2015.07.29"]
[Round "1.28"]
[White "Steinke, Paul"]
[Black "Raitza, Egon"]
[Result "0-1"]
[WhiteElo "1472"]
[BlackElo "1865"]
[PlyCount "142"]
[EventDate "2015.07.29"]
[EventType "swiss"]
[EventRounds "7"]
[EventCountry "GER"]
[SourceTitle "EXT 2019"]
[Source "ChessBase"]
[SourceDate "2018.10.10"]
[SourceVersion "1"]
[SourceVersionDate "2018.10.10"]
[SourceQuality "1"]

1. c4 e6 2. e4 c5 3. Nc3 Nc6 4. Nge2 d6 5. g3 Nf6 6. Bg2 Be7 7. 0-0 0-0 8. d4 cxd4 9. Nxd4 e5 10. Nc2 Be6 11. Nd5 Rc8 12. h3 Bxd5 13. cxd5 Na5 14. Re1 Nc4 15. b3 Nb6 16. Na3 a6 17. Bd2 Nbd7 18. Nc4 b6 19. g4 Nc5 20. Qe2 Nb7 21. a4 Nd7 22. f4 Nbc5 23. Ra3 Qc7 24. b4 Nxe4 25. Nxe5 dxe5 26. Bxe4 Qc4 27. Qf2 Nf6 28. Rc3 Qd4 29. Qxd4 exd4 30. Rd3 Bd6 31. Rxd4 a5 32. bxa5 Bc5 33. Be3 Bxd4 34. Bxd4 Nxe4 35. Rxe4 bxa5 36. Bb6 Rfe8 37. Rxe8+ Rxe8 38. d6 Re1+ 39. Kf2 Rd1 40. Bc7 Kf8 41. Ke2 Rd5 42. Ke3 Ke8 43. h4 Kd7 44. Ke4 Rd1 45. Ke5 Rh1 46. Bxa5 Rxh4 47. g5 Rh1 48. Bc7 Re1+ 49. Kd4 Kc6 50. a5 h5 51. gxh6 gxh6 52. Kd3 h5 53. Kd2 Re8 54. a6 Ra8 55. Ke3 Rxa6 56. Kf3 Ra3+ 57. Kg2 f5 58. Kh2 h4 59. Bb8 Kd7 60. Kg2 Rg3+ 61. Kh2 Rg4 62. Kh3 Rxf4 63. Ba7 Rc4 64. Bf2 Kxd6 65. Bxh4 Rxh4+ 66. Kxh4 Ke5 67. Kg3 Ke4 68. Kf2 Kf4 69. Ke1 Kf3 70. Kf1 f4 71. Kg1 Ke2 0-1

[Event "Mecklenburg VP-ch U18"]
[Site "Malchow"]
[Date "2011.02.08"]
[Round "7.8"]
[White "Steinke, Paul"]
[Black "Lange, Robert"]
[Result "0-1"]
[WhiteElo "960"]
[BlackElo "1288"]
[PlyCount "54"]
[EventDate "2011.02.05"]
[EventType "swiss"]
[EventRounds "7"]
[EventCountry "GER"]
[SourceTitle "EXT 2022"]
[Source "ChessBase"]
[SourceDate "2021.10.06"]
[SourceVersion "1"]
[SourceVersionDate "2021.10.06"]
[SourceQuality "1"]

1. e4 e5 2. Nf3 Nc6 3. d4 exd4 4. Nxd4 Nf6 5. Nxc6 bxc6 6. e5 Nd5 7. c4 Nb6 8. Be3 d6 9. f4 Be6 10. b3 dxe5 11. Qxd8+ Rxd8 12. fxe5 Bb4+ 13. Nd2 0-0 14. 0-0-0 Bg4 15. Re1 Rfe8 16. Bf4 f6 17. h3 Bf5 18. Re2 Bd3 19. Re1 Bxd2+ 20. Bxd2 Bxf1 21. Rhxf1 fxe5 22. Rf5 Nd7 23. Bc3 e4 24. Rf4 Nc5 25. Ba5 Nd3+ 26. Kb1 Nxe1 27. Bxe1 Rd1+ 0-1